Ročenka výskumu a vývoja v Slovenskej republike 2004

Enregistré dans:
Détails bibliographiques
Format: Livre
Langue:slovaque
Publié: Bratislava Štatistický úrad Slovenskej republiky 2004
Sujets:
Tags: Ajouter un tag
Pas de tags, Soyez le premier à ajouter un tag!

MARC

LEADER 00000nam$a2200000$$$4500
001 0024306
005 20240104112143.3
041 0 |a slo 
044 |a SK 
245 1 0 |a Ročenka výskumu a vývoja v Slovenskej republike 2004 
264 1 |a Bratislava  |b Štatistický úrad Slovenskej republiky  |c 2004 
300 |a 89 s. 
610 2 0 |a vývoj 
610 2 0 |a organizácie 
610 2 0 |a pracovisko 
610 2 0 |a zamestnanci 
610 2 0 |a výdavky 
610 2 0 |a financovanie 
610 2 0 |a licencie 
610 2 0 |a regióny 
610 2 0 |a certifikácia 
610 2 0 |a zdroje ľudské 
610 2 0 |a veda 
610 2 0 |a technika